000 00780nam a2200325Ia 4500
008 210210b2011 xxu||||| |||| 00| 0 eng d
020 _a9781107645509
041 _aeng
082 _a515.723 JAMS
100 _aJAMES (J F)
245 _aStudents guide to fourier transforms: with applications in physics and engineering Ed 3
250 _a
260 _aCambridge
_bCambridge University Press
_c2011
300 _axiii,146
650 _awith
650 _atransforms:
650 _ato
650 _aStudents
650 _aphysics
650 _ain
650 _aguide
650 _afourier
650 _aengineering
650 _aEd
650 _aapplications
650 _aand
650 _a3
690 _aMathematical Analysis
906 _a069025
999 _c153143
_d153143